1991: rok přelomu. Krize sovětské reformy.

Politická situácia v ZSSR. Zlyhanie hospodárskych koncepcii vlády: v roku 1991 namiesto očakávaného vzostupu úpadok. Niekoľko štatistických údajov o hospodárskej situácii. Pokusy vlády o zvládnutie situácie, rozpočtová vojna a perspektívy. Pokus o puč ako akcelerátor politických procesov.

Enregistré dans:
Détails bibliographiques
Auteur principal: Kondratěnko, V.
Format: Chapitre de livre
Langue:tchèque
Sujets:
Tags: Ajouter un tag
Pas de tags, Soyez le premier à ajouter un tag!

MARC

LEADER 00000naa a2200000 4500
001 r006544
005 20221125081118.0
041 0 |a cze 
044 |a [CS] 
245 1 0 |a 1991: rok přelomu.  |b Krize sovětské reformy.  |c V. Kondratěnko 
520 |a Politická situácia v ZSSR. Zlyhanie hospodárskych koncepcii vlády: v roku 1991 namiesto očakávaného vzostupu úpadok. Niekoľko štatistických údajov o hospodárskej situácii. Pokusy vlády o zvládnutie situácie, rozpočtová vojna a perspektívy. Pokus o puč ako akcelerátor politických procesov. 
610 2 0 |a reformy hospodárske 
610 2 0 |a ZSSR 
610 2 0 |a kríza hospodárska 
610 2 0 |a 1991 
610 2 0 |a údaje štatistické 
610 2 0 |a rozpočet štátny 
100 1 |a Kondratěnko, V.